Time and the Rhythms of Emancipatory Education (Record no. 21033)

MARC details
000 -LEADER
fixed length control field 00616nam a2200121Ia 4500
008 - FIXED-LENGTH DATA ELEMENTS--GENERAL INFORMATION
fixed length control field 220616s9999||||xx |||||||||||||| ||und||
100 ## - MAIN ENTRY--PERSONAL NAME
Personal name Alhadeff-Jones, Michel
245 #0 - TITLE STATEMENT
Title Time and the Rhythms of Emancipatory Education
Remainder of title Rethinking the temporal complexity of self and society
546 ## - LANGUAGE NOTE
Language note English[eng]
650 ## - SUBJECT ADDED ENTRY--TOPICAL TERM
Topical term or geographic name entry element complexity;complexity theory;curriculum;Edgar Morin;education;Henri Lefebvre;Michael Alhadeff-Jones;philosophy of education;rhythm studies;society;sociology of education;theory of education;time
856 ## - ELECTRONIC LOCATION AND ACCESS
Uniform Resource Identifier <a href="https://library.oapen.org/bitstream/20.500.12657/50567/1/9781317541295.pdf">https://library.oapen.org/bitstream/20.500.12657/50567/1/9781317541295.pdf</a>
942 ## - ADDED ENTRY ELEMENTS (KOHA)
Koha item type E-Books
Holdings
Withdrawn status Lost status Damaged status Not for loan Home library Current library Date acquired Total Checkouts Date last seen Price effective from Koha item type
        Kerala University of Digital Sciences, Innovation and Technology Knowledge Centre Kerala University of Digital Sciences, Innovation and Technology Knowledge Centre 16/06/2022   16/06/2022 16/06/2022 E-Books